| 000 | 00414nam a2200145Ia 4500 | ||
|---|---|---|---|
| 008 | 230917s9999||||xx |||||||||||||| ||und|| | ||
| 040 |
_e84863 _aMAIN |
||
| 041 | _aEnglish | ||
| 082 | _a372.1102 C898P | ||
| 100 | _aCullingfold, Cedric, ed | ||
| 245 | 4 | _aThe primary teacher: the role of the educator and the purpose of primary education | |
| 260 |
_aLondon _bCassell _c1989 |
||
| 300 | _aix, 165 p. | ||
| 942 | _cBK | ||
| 999 |
_c78469 _d78469 |
||